=LDR 00000nam 2200000 4500 =001 INLIS000000000017451 =005 20130612112646 =008 ***********************************Ind** =035 ##$$0010-061300000017451 =041 ##$$a Ind =082 ##$$a 616.12 =090 ##$$a 616.12, Meu e =100 ##$$a Meurs, A.A.H =245 ##$$a Elektrokardiografi praktis = praktische elektrocardiografi, A.A.H Meurs, A. C Arntzennius =260 ##$$a 1995 $b Jakarta =300 ##$$a viii, 272 hlm, ilus, 25 cm =650 ##$$a Elektrokardiografi =850 ##$$a NBPNMAT